Catálogo
 En Linea

Album musical de composiciones dominicanas. (Registro nro. 33154)

Detalles MARC
000 -CABECERA
campo de control de longitud fija 00405nam a2200133 a 4500
001 - NÚMERO DE CONTROL
campo de control 000033663
005 - FECHA Y HORA DE LA ÚLTIMA TRANSACCIÓN
campo de control 20200930070426.0
008 - DATOS DE LONGITUD FIJA--INFORMACIÓN GENERAL
campo de control de longitud fija 110905s1936 dr g 000 0 spa d
040 ## - FUENTE DE LA CATALOGACIÓN
Centro catalogador/agencia de origen DO-SdBNP
Lengua de catalogación spa
Centro/agencia transcriptor BNPHU
082 ## - NÚMERO DE LA CLASIFICACIÓN DECIMAL DEWEY
Número de clasificación xxxxxxxx
-- xxxxxxxx
245 00 - MENCIÓN DE TÍTULO
Título Album musical de composiciones dominicanas.
260 ## - PUBLICACIÓN, DISTRIBUCIÓN, ETC.
Lugar de publicación, distribución, etc. Ciudad Trujillo, República Dominicana :
Nombre del editor, distribuidor, etc. [s.n.],
Fecha de publicación, distribución, etc. 1936.
300 ## - DESCRIPCIÓN FÍSICA
Extensión 18 p. :
Otras características físicas mús. ;
Dimensiones 27 cm.
Existencias
Estado de retiro Estado de pérdida Restricciones de uso No para préstamo Código de colección Localización permanente Ubicación/localización actual Ubicación en estantería Fecha de adquisición Número de inventario Total de préstamos Signatura topográfica completa Código de barras Fecha visto por última vez Precio válido a partir de Tipo de ítem Koha Nota pública
      Excluido de préstamo Raros y valiosos Patrimonio Dominicano Patrimonio Dominicano Depósito 05.09.2011 LF1   xxxxxxxx 33663-10 25.06.2020 25.06.2020 No se presta Perteneció a la biblioteca personal de Carlos Larrabal Blanco.
        Patrimonio Dominicano Patrimonio Dominicano Patrimonio Dominicano Orden iniciada 05.09.2011 LF1   xxxxxxxx 33664-10 25.06.2020 25.06.2020 Libro y Folleto Colección Patrimonio Dominicano  

Con tecnología Koha